[Event "23.Schlosspark-Open"]
[Site "Wiesbaden"]
[Date "2011.08.27"]
[Round "5.51"]
[White "Wagner, Günter"]
[Black "Tuchtfeld, Jürgen"]
[Result "0-1"]
[WhiteElo "1588"]
[BlackElo "2038"]
[PlyCount "100"]
[EventDate "2011.??.??"]
[WhiteTeam "SV 1946 Groß-Gerau"]
[BlackTeam "SK Ebringen"]

1. Nf3 d5 2. c4 d4 3. e3 c5 4. b4 Nc6 5. b5 Nb8 6. g3 Bg4 7. Bg2 Nd7 8. Qc2 e5
9. d3 Qf6 10. Nbd2 Bxf3 11. Bxf3 e4 12. Bxe4 dxe3 13. Nb3 Qxf2+ 14. Qxf2 exf2+
15. Kxf2 O-O-O 16. Na5 Ngf6 17. Bxb7+ Kc7 18. Nc6 Re8 19. Ba6 Bd6 20. Bd2 Ng4+
21. Kf1 Nde5 22. Ba5+ Kd7 23. Nxa7 Nxd3 24. b6 Ne3+ 25. Kg1 Re5 26. Bb5+ Ke6
27. Bc6 Nxc4 28. Bc3 Re2 29. Rd1 Re3 30. Bb5 Nce5 31. Nc6 Nxc6 32. Rxd3 Rxd3
33. Bxd3 Rb8 34. Bxg7 f6 35. Bc4+ Ke7 36. Kg2 Rxb6 37. Rf1 Be5 38. Bh6 Bd4 39.
Re1+ Ne5 40. a4 Rb2+ 41. Re2 Rb4 42. Bb5 c4 43. Be3 Bxe3 44. Rxe3 Rb2+ 45. Kf1
Kd6 46. Rc3 Kc5 47. h3 Kb4 48. Re3 c3 49. Re4+ Ka3 50. Ke1 Rb1+ 0-1

[Event "23.Schlosspark-Open"]
[Site "Wiesbaden"]
[Date "2011.08.27"]
[Round "5.52"]
[White "Reichenbächer, Thomas"]
[Black "Hoffmann, Jörn"]
[Result "1-0"]
[WhiteElo "1996"]
[BlackElo "1686"]
[PlyCount "53"]
[EventDate "2011.??.??"]
[WhiteTeam "SC Steißlingen"]
[BlackTeam "SC Taunusstein 1966"]

1. d4 d5 2. c4 c6 3. Nf3 e6 4. e3 f5 5. Bd3 Nf6 6. O-O Bd6 7. b3 g5 8. Ba3 Bxa3
9. Nxa3 g4 10. Ne5 Qe7 11. Nc2 Nbd7 12. Nxd7 Bxd7 13. Qd2 Qg7 14. Qb4 O-O-O 15.
Qd6 Nh5 16. Nb4 f4 17. cxd5 Be8 18. Qxe6+ Bd7 19. Qe5 Qxe5 20. dxe5 cxd5 21.
Nxd5 fxe3 22. Nxe3 Kb8 23. Bf5 Bb5 24. Nc4 Nf4 25. Bxg4 Nxg2 26. Kxg2 Rhg8 27.
h3 1-0

[Event "23.Schlosspark-Open"]
[Site "Wiesbaden"]
[Date "2011.08.27"]
[Round "5.53"]
[White "Dittmar, Thomas"]
[Black "Diener, Carolin Valeria"]
[Result "1-0"]
[WhiteElo "1952"]
[BlackElo "1624"]
[PlyCount "79"]
[EventDate "2011.??.??"]
[WhiteTeam "SF Fürth 1951 e.V."]
[BlackTeam "Sfr.1891 Friedberg"]

1. d4 d5 2. c4 e6 3. Nc3 Nf6 4. cxd5 exd5 5. Bg5 Be7 6. e3 c6 7. Qc2 Be6 8. Bd3
Nbd7 9. Nge2 O-O 10. O-O h6 11. Bh4 Ne8 12. Bxe7 Qxe7 13. Rae1 Nd6 14. Nf4 Rfe8
15. f3 Qg5 16. Nxe6 Rxe6 17. e4 Rae8 18. f4 Qd8 19. e5 Qb6 20. Qf2 Nc4 21. Bxc4
dxc4 22. f5 R6e7 23. Ne4 Kh8 24. Nd6 Rf8 25. Nxc4 Qa6 26. b3 Nb6 27. f6 Re6 28.
Qg3 g6 29. Nd6 Kh7 30. Nf5 Rg8 31. Nxh6 Rf8 32. Nf5 Rh8 33. Re4 Kg8 34. Ng7 Kf8
35. Nxe6+ fxe6 36. f7 Nd5 37. Rh4 Rxh4 38. Qxh4 Qxf1+ 39. Kxf1 Kxf7 40. Qh7+
1-0

[Event "23.Schlosspark-Open"]
[Site "Wiesbaden"]
[Date "2011.08.27"]
[Round "5.54"]
[White "Rump, Andreas"]
[Black "Neuhoff, Ulrich"]
[Result "1-0"]
[WhiteElo "1950"]
[BlackElo "1582"]
[PlyCount "85"]
[EventDate "2011.??.??"]
[WhiteTeam "SG Turm Idstein"]
[BlackTeam "SK Bad Homburg 1927"]

1. e4 e6 2. d4 d5 3. e5 c5 4. c3 Nc6 5. Nf3 cxd4 6. cxd4 Qb6 7. Nc3 Bd7 8. a3
Nge7 9. Na4 Qd8 10. Bd3 Ng6 11. O-O Be7 12. Bxg6 hxg6 13. Nc5 b6 14. Nxd7 Qxd7
15. b4 Rc8 16. Qd3 Nb8 17. Bd2 b5 18. Rfc1 Rc4 19. Be3 O-O 20. Rxc4 bxc4 21.
Qc2 a6 22. Bd2 Bd8 23. Rb1 Bb6 24. Bc3 Rc8 25. a4 Qa7 26. a5 Bd8 27. Qa4 Qd7
28. Qc2 Qb5 29. h4 Nc6 30. Ng5 Rb8 31. Nxe6 fxe6 32. Qxg6 Nxa5 33. Qxe6+ Kh7
34. Qf5+ Kg8 35. h5 Nb3 36. Qg6 Qb6 37. e6 Rb7 38. Re1 Re7 39. h6 Qa7 40. Re5
Nxd4 41. Bxd4 Qxd4 42. Rf5 Qh4 43. hxg7 1-0

[Event "23.Schlosspark-Open"]
[Site "Wiesbaden"]
[Date "2011.08.27"]
[Round "5.55"]
[White "Drewes, Thomas"]
[Black "Dyga, Ryszard"]
[Result "1-0"]
[WhiteElo "1944"]
[BlackElo "1580"]
[PlyCount "67"]
[EventDate "2011.??.??"]
[WhiteTeam "SV Würzburg von 1865"]
[BlackTeam "SV 1920 Hofheim"]

1. d4 d5 2. Nf3 Nf6 3. Bf4 e6 4. e3 Bd6 5. Ne5 Qe7 6. Nd2 O-O 7. Bd3 Nbd7 8. c3
c5 9. O-O c4 10. Bc2 Nb6 11. b3 cxb3 12. axb3 Nfd7 13. c4 dxc4 14. Ndxc4 Nxc4
15. bxc4 f5 16. Nd3 Bxf4 17. Nxf4 Nf6 18. Qf3 e5 19. Nd5 Nxd5 20. Qxd5+ Qe6 21.
dxe5 Kh8 22. Rfd1 Qe7 23. Qd6 Qf7 24. Rd4 Be6 25. Qb4 Qc7 26. f4 b6 27. Bd1 a5
28. Qd6 Qxd6 29. exd6 Rfd8 30. Ba4 Bd7 31. Bxd7 Rxd7 32. Rb1 Rb8 33. c5 b5 34.
c6 1-0

[Event "23.Schlosspark-Open"]
[Site "Wiesbaden"]
[Date "2011.08.27"]
[Round "5.56"]
[White "Giesau, Bernhard"]
[Black "Cordes, Lothar"]
[Result "0-1"]
[WhiteElo "1584"]
[BlackElo "1942"]
[PlyCount "90"]
[EventDate "2011.??.??"]
[WhiteTeam "SK Gau-Algesheim"]
[BlackTeam "SF Lilienthal von 1971"]

1. Nf3 Nf6 2. c4 e6 3. g3 b6 4. Bg2 Bb7 5. O-O Be7 6. b3 O-O 7. Bb2 d6 8. Qc2
Nbd7 9. Nc3 a6 10. Rad1 c5 11. Rfe1 Qc7 12. Qb1 Rac8 13. e4 e5 14. d3 Nb8 15.
Nd5 Qd8 16. Bh3 Rc6 17. b4 Nxd5 18. cxd5 Rc7 19. bxc5 Rxc5 20. d4 exd4 21. Nxd4
Bf6 22. Ba3 Bxd4 23. Rxd4 Bc8 24. Bxc5 bxc5 25. Rc4 Bxh3 26. e5 g6 27. Qc1 h5
28. f4 Re8 29. Qc3 dxe5 30. Rxe5 Nd7 31. Rxe8+ Qxe8 32. Kf2 Qe7 33. Qe3 Kf8 34.
Rc2 Qxe3+ 35. Kxe3 Ke7 36. Rd2 Kd6 37. Kd3 Nb6 38. Kc3 Nxd5+ 39. Kb3 Kc6 40.
Kc4 Nb6+ 41. Kb3 Be6+ 42. Kc3 Nd5+ 43. Kb2 c4 44. Ka3 Kc5 45. Rc2 c3 0-1

[Event "23.Schlosspark-Open"]
[Site "Wiesbaden"]
[Date "2011.08.27"]
[Round "5.57"]
[White "Van Bömmel, Philipp"]
[Black "Lanz, Udo"]
[Result "1/2-1/2"]
[WhiteElo "1577"]
[BlackElo "1845"]
[PlyCount "91"]
[EventDate "2011.??.??"]
[WhiteTeam "SC 1979 Hattersheim"]
[BlackTeam "SC Eberbach"]

1. c4 e5 2. Nc3 f5 3. g3 g6 4. Bg2 Bg7 5. e3 Nf6 6. Nge2 O-O 7. d3 a5 8. O-O d6
9. Rb1 c5 10. Bd2 Nc6 11. a3 g5 12. f4 h6 13. Nd5 Ne7 14. Nec3 g4 15. Qb3 Kh8
16. Nb6 Ra6 17. Nxc8 Nxc8 18. fxe5 dxe5 19. Na4 Rd6 20. Nxc5 b6 21. Nb7 Rxd3
22. Nxd8 Rxb3 23. Ne6 Re8 24. Nxg7 Kxg7 25. Bc3 Nd6 26. Bc6 Re6 27. Ba4 Rxc3
28. bxc3 Nfe4 29. Rxb6 Re7 30. c5 Nc4 31. Rb8 Ncd2 32. Rxf5 Nxc5 33. Bb5 Kg6
34. Rff8 Nce4 35. Rg8+ Kf7 36. Rbf8+ Ke6 37. Rg6+ Kd5 38. c4+ Nxc4 39. Bxc4+
Kxc4 40. Rxg4 Kd3 41. Ra8 Rc7 42. Rxa5 Rc1+ 43. Kg2 Rc2+ 44. Kg1 Rc1+ 45. Kg2
Rc2+ 46. Kg1 1/2-1/2

[Event "23.Schlosspark-Open"]
[Site "Wiesbaden"]
[Date "2011.08.27"]
[Round "5.58"]
[White "Dehning-Busse, Karsten"]
[Black "Sommer, Norbert"]
[Result "1-0"]
[WhiteElo "1828"]
[BlackElo "1562"]
[PlyCount "61"]
[EventDate "2011.??.??"]
[WhiteTeam "SF Lilienthal von 1971"]
[BlackTeam "SF 1876 Göppingen"]

1. d4 Nf6 2. Nc3 d5 3. Bg5 e6 4. e4 dxe4 5. Nxe4 Be7 6. Bxf6 Bxf6 7. Nf3 Nd7 8.
Qd2 Be7 9. O-O-O O-O 10. Bd3 Nf6 11. Kb1 Bd7 12. Ne5 a5 13. Nxf6+ Bxf6 14. Qe3
a4 15. Qe4 g6 16. h4 Ra5 17. h5 Bxe5 18. dxe5 Bc6 19. Qe3 Qe7 20. hxg6 fxg6 21.
Rh6 Bxg2 22. Bxg6 Rf3 23. Rxh7 Rxe3 24. Rxe7 Rd5 25. Kc1 Rxd1+ 26. Kxd1 Bf3+
27. Kd2 Rxe5 28. Rxc7 Re2+ 29. Kd3 Re5 30. c4 Kf8 31. Rf7+ 1-0

[Event "23.Schlosspark-Open"]
[Site "Wiesbaden"]
[Date "2011.08.27"]
[Round "5.59"]
[White "Sprünken, Dirk"]
[Black "Memmeler, Björn"]
[Result "1-0"]
[WhiteElo "1821"]
[BlackElo "1427"]
[PlyCount "81"]
[EventDate "2011.??.??"]
[WhiteTeam "SK Freising"]
[BlackTeam "Wiesbadener SV 1885"]

1. Nf3 Nf6 2. c4 g6 3. b4 Bg7 4. Bb2 O-O 5. g3 d6 6. Bg2 Nbd7 7. O-O Rb8 8. d3
Nh5 9. Bxg7 Nxg7 10. Nc3 a6 11. Nd4 e5 12. Nb3 c5 13. bxc5 Nxc5 14. Nxc5 dxc5
15. Nd5 b5 16. Rb1 b4 17. a3 a5 18. Qc1 Be6 19. axb4 axb4 20. Ra1 Bxd5 21. Bxd5
b3 22. Qb2 Qd6 23. Rfb1 Rb4 24. Ra7 Ne6 25. e3 Nd8 26. Ra3 Ne6 27. Rxb3 Rfb8
28. Qa3 Rxb3 29. Rxb3 Rxb3 30. Qxb3 Kg7 31. Qb7 Kf6 32. Kf1 h5 33. h4 Kg7 34.
Ke2 Nc7 35. e4 Nxd5 36. Qxd5 Qxd5 37. cxd5 Kf6 38. f4 exf4 39. gxf4 Ke7 40. e5
f5 41. Kd2 1-0

[Event "23.Schlosspark-Open"]
[Site "Wiesbaden"]
[Date "2011.08.27"]
[Round "5.62"]
[White "Bratmann, Marc"]
[Black "Kannenberg, Carl-Fr"]
[Result "1/2-1/2"]
[WhiteElo "1455"]
[BlackElo "1947"]
[PlyCount "55"]
[EventDate "2011.??.??"]
[WhiteTeam "SAbt TuS Dotzheim"]
[BlackTeam "SAbt TuS Dotzheim"]

1. e4 e5 2. Nc3 Nc6 3. Bc4 Nf6 4. d3 Be7 5. Nge2 O-O 6. O-O d6 7. f4 Na5 8. Bb3
Nxb3 9. axb3 exf4 10. Bxf4 Bg4 11. Qd2 a6 12. Ng3 Nh5 13. Nxh5 Bxh5 14. Qf2 Bg5
15. Ne2 Bxe2 16. Qxe2 Bxf4 17. Rxf4 Qd7 18. Raf1 Rae8 19. Qf2 Re7 20. h4 Qe8
21. Rg4 Re6 22. h5 Kh8 23. Rf4 Re7 24. Qh4 h6 25. g4 Re5 26. Qf2 Kg8 27. Rf5 f6
28. Qg2 1/2-1/2

[Event "23.Schlosspark-Open"]
[Site "Wiesbaden"]
[Date "2011.08.27"]
[Round "5.64"]
[White "Meisegeier, Thomas"]
[Black "Wöhl, Torsten"]
[Result "0-1"]
[WhiteElo "1752"]
[BlackElo "1271"]
[PlyCount "30"]
[EventDate "2011.??.??"]
[WhiteTeam "SC Frankfurt-West"]
[BlackTeam "SC Groß-Zimmern"]

1. d4 d5 2. Nf3 g6 3. Bf4 Bg7 4. c3 Nf6 5. e3 a6 6. Bd3 Nbd7 7. Nbd2 c5 8. Ne5
cxd4 9. exd4 Nh5 10. Nxd7 Nxf4 11. Qf3 Nxd3+ 12. Qxd3 Bxd7 13. O-O Bb5 14. c4
dxc4 15. Nxc4 Qxd4 0-1

[Event "23.Schlosspark-Open"]
[Site "Wiesbaden"]
[Date "2011.08.27"]
[Round "5.65"]
[White "Kümmel, Werner"]
[Black "Jordake, Michael"]
[Result "0-1"]
[WhiteElo "1310"]
[BlackElo "1732"]
[PlyCount "94"]
[EventDate "2011.??.??"]
[WhiteTeam "SC Bad Soden"]
[BlackTeam "SC Bergen-Enkheim 1922"]

1. d4 Nf6 2. c4 e5 3. dxe5 Ng4 4. Bf4 Nc6 5. Nf3 Bb4+ 6. Nbd2 Qe7 7. a3 Ngxe5
8. Nxe5 Nxe5 9. e3 Bd6 10. Be2 Nd3+ 11. Bxd3 Bxf4 12. O-O Bxh2+ 13. Kxh2 Qd6+
14. Kg1 Qxd3 15. c5 d5 16. cxd6 Qxd6 17. Qc1 c6 18. Qc3 O-O 19. Rad1 Qg6 20. g3
Bh3 21. Rfe1 Rfd8 22. e4 Bg4 23. Rc1 Qh5 24. f3 Be6 25. Re2 Rd7 26. Rh2 Qg5 27.
f4 Qb5 28. Nf3 Rd3 29. Qe5 Qb6+ 30. Kg2 Qe3 31. Qh5 Qxe4 32. Re1 Rd2+ 33. Kg1
Rxh2 34. Kxh2 Qc2+ 35. Kg1 Re8 36. Nd4 Qd2 37. Re2 Qxd4+ 38. Kh2 Qf6 39. Qg4 h5
40. Qxh5 Qh6 41. Qxh6 gxh6 42. f5 Bd7 43. Rf2 h5 44. Rf4 Re2+ 45. Kh3 Re5 46.
g4 hxg4+ 47. Rxg4+ Kf8 0-1

[Event "23.Schlosspark-Open"]
[Site "Wiesbaden"]
[Date "2011.08.27"]
[Round "5.66"]
[White "Kunkel, Wolfgang"]
[Black "Sonnberger, Julian"]
[Result "1-0"]
[WhiteElo "1713"]
[BlackElo "1201"]
[PlyCount "59"]
[EventDate "2011.??.??"]
[WhiteTeam "SK 1858 Gießen"]
[BlackTeam "SC Dietmannsried"]

1. f4 d5 2. Nf3 Nf6 3. e3 Bg4 4. Be2 Nbd7 5. O-O g6 6. d3 Bg7 7. Nbd2 Bf5 8. h3
Nb6 9. g4 Bd7 10. Ne5 O-O 11. Ndf3 Qc8 12. Nh4 Kh8 13. Rf2 Ng8 14. d4 Qd8 15.
f5 e6 16. fxg6 Qxh4 17. Nxf7+ Rxf7 18. gxf7 Nf6 19. Qf1 Rf8 20. Rg2 Qxh3 21. g5
Ne4 22. g6 Ng3 23. Rh2 Nxe2+ 24. Qxe2 Qg3+ 25. Rg2 Qh3 26. Bd2 Nc4 27. Rf1 Nxd2
28. Qxd2 Bh6 29. Qf2 Bxe3 30. g7# 1-0

[Event "23.Schlosspark-Open"]
[Site "Wiesbaden"]
[Date "2011.08.27"]
[Round "5.67"]
[White "Hansch, Christian Min"]
[Black "Hess, Max"]
[Result "0-1"]
[WhiteElo "1229"]
[BlackElo "1645"]
[PlyCount "110"]
[EventDate "2011.??.??"]
[WhiteTeam "SC Turm Büdingen"]
[BlackTeam "Post-SV Memmingen"]

1. e4 d5 2. exd5 Qxd5 3. Nc3 Qa5 4. Nf3 Bg4 5. Be2 Nf6 6. O-O c6 7. Re1 Nbd7 8.
d3 Qc7 9. h3 Bh5 10. Ng5 Bxe2 11. Qxe2 h6 12. Nge4 O-O-O 13. Nxf6 Nxf6 14. Ne4
Nxe4 15. dxe4 e6 16. Be3 Kb8 17. Rad1 Be7 18. Qf3 Bg5 19. Bxg5 hxg5 20. Rd3
Rxd3 21. Qxd3 g4 22. e5 gxh3 23. gxh3 Qd8 24. Qd6+ Qxd6 25. exd6 Rxh3 26. b4
Rh5 27. c4 c5 28. bxc5 Rxc5 29. Re4 Kc8 30. Rf4 f5 31. Kg2 Kd7 32. Kf3 g5 33.
Rd4 Rc6 34. c5 Rxc5 35. Ra4 a6 36. Rb4 b5 37. a4 Kxd6 38. axb5 axb5 39. Ke3 f4+
40. Kf3 Ke5 41. Kg4 Kf6 42. Rd4 Rc4 43. Rd6 b4 44. Rb6 Rc2 45. f3 Rb2 46. Rb5
b3 47. Rb6 Rb1 48. Kh3 b2 49. Kg2 Kf5 50. Rb5+ e5 51. Rb6 g4 52. fxg4+ Kxg4 53.
Rg6+ Kf5 54. Rb6 Ke4 55. Rb4+ Kd3 0-1

[Event "23.Schlosspark-Open"]
[Site "Wiesbaden"]
[Date "2011.08.27"]
[Round "5.68"]
[White "Kornilov, Alexander"]
[Black "Köllmer, Hans"]
[Result "1-0"]
[WhiteElo "1192"]
[BlackElo "1604"]
[PlyCount "113"]
[EventDate "2011.??.??"]
[WhiteTeam "SAbt TuS Makkabi Ffm"]
[BlackTeam "Sfr.Heidesheim"]

1. d4 Nf6 2. Nf3 g6 3. c4 Bg7 4. Nc3 O-O 5. Bf4 d6 6. h3 Nbd7 7. Bh2 c5 8. d5
a6 9. Qb3 Qb6 10. Qxb6 Nxb6 11. e3 Bd7 12. Bd3 Rab8 13. Rb1 Na4 14. Nxa4 Bxa4
15. b3 Bd7 16. O-O b5 17. Rfe1 b4 18. e4 Ne8 19. e5 a5 20. exd6 exd6 21. Re7
Rd8 22. Rbe1 Bf6 23. R7e3 a4 24. Bc2 axb3 25. axb3 Ra8 26. g4 Ra1 27. Rxa1 Bxa1
28. Re7 Bc8 29. Ra7 Bg7 30. Ra8 Bd7 31. Rb8 f5 32. gxf5 Bxf5 33. Bxf5 gxf5 34.
Bf4 Bf6 35. Rb6 Be7 36. Ng5 Bxg5 37. Bxg5 Kf7 38. Bf4 Rg8+ 39. Kf1 Rg6 40. f3
h5 41. Rb7+ Kg8 42. h4 Rg7 43. Rxg7+ Kxg7 44. Kg2 Kf6 45. Kg3 Kf7 46. Bc1 Kg6
47. Kf4 Kf6 48. Bb2+ Kg6 49. Ba1 Nf6 50. Bb2 Ne8 51. Bc1 Nf6 52. Kg3 Ne8 53.
Bg5 Nf6 54. Kf4 Nxd5+ 55. cxd5 c4 56. Ke3 Kf7 57. bxc4 1-0

[Event "23.Schlosspark-Open"]
[Site "Wiesbaden"]
[Date "2011.08.27"]
[Round "5.69"]
[White "Sonnberger, Bernd"]
[Black "Grötzinger, Waldemar"]
[Result "1/2-1/2"]
[WhiteElo "1174"]
[BlackElo "1592"]
[PlyCount "108"]
[EventDate "2011.??.??"]
[WhiteTeam "SC Dietmannsried"]
[BlackTeam "Sfr. Frankfurt 1921"]

1. Nf3 Nf6 2. g3 g6 3. Bg2 Bg7 4. O-O O-O 5. d3 d6 6. Nbd2 c5 7. e4 Nc6 8. a3
Rb8 9. Rb1 b5 10. Qe1 Qc7 11. b3 a5 12. Bb2 a4 13. bxa4 bxa4 14. c4 Nxe4 15.
Bxg7 Rxb1 16. Nxb1 Nxg3 17. fxg3 Kxg7 18. Nc3 Qa5 19. Nh4 Nd4 20. Nb1 Qa7 21.
Qf2 f5 22. Nf3 Ne6 23. Nh4 Nd4 24. Nf3 Ne6 25. Nh4 Bb7 26. Nc3 Bxg2 27. Nxg2
Nd4 28. Nb5 Nxb5 29. cxb5 Qb6 30. Rb1 e5 31. Kf1 d5 32. Ke1 e4 33. Nf4 d4 34.
Qa2 Re8 35. dxe4 Rxe4+ 36. Kf2 d3 37. Qd5 g5 38. Nxd3 c4+ 39. Qc5 Re2+ 40. Kf3
g4+ 41. Kf4 Qb8+ 42. Kxf5 cxd3 43. Qd4+ Kg8 44. Qxd3 Qc8+ 45. Kf4 Rf2+ 46. Kg5
Qc5+ 47. Kh4 Rxh2+ 48. Kxg4 Qh5+ 49. Kf4 Rf2+ 50. Ke4 Qg6+ 51. Kd4 Qg4+ 52. Kc5
Qc8+ 53. Kb4 Qf8+ 54. Kxa4 Qa8+ 1/2-1/2

[Event "23.Schlosspark-Open"]
[Site "Wiesbaden"]
[Date "2011.08.27"]
[Round "5.70"]
[White "Wöhl, Sebastian"]
[Black "Pogosian, Norair"]
[Result "0-1"]
[WhiteElo "1091"]
[BlackElo "1586"]
[PlyCount "52"]
[EventDate "2011.??.??"]
[WhiteTeam "SC Groß-Zimmern"]
[BlackTeam "CE Strassbourg"]

1. e4 e5 2. Nf3 Nc6 3. Bb5 a6 4. Ba4 Nf6 5. O-O Be7 6. Re1 b5 7. Bb3 O-O 8. c3
d5 9. exd5 Nxd5 10. Nxe5 Nxe5 11. Rxe5 c6 12. d4 Bd6 13. Re1 Qh4 14. g3 Qh3 15.
Qf3 Bg4 16. Qg2 Qh5 17. c4 Nb4 18. c5 Nd3 19. Re3 Nxc1 20. cxd6 Ne2+ 21. Rxe2
Bxe2 22. Qxc6 Rac8 23. d5 Rxc6 24. dxc6 Bf3 25. c7 Qh3 26. Bxf7+ Kxf7 0-1

[Event "23.Schlosspark-Open"]
[Site "Wiesbaden"]
[Date "2011.08.27"]
[Round "5.71"]
[White "Lorenz, Hermann"]
[Black "Urbach, Jens"]
[Result "1-0"]
[WhiteElo "1580"]
[BlackElo "1123"]
[PlyCount "81"]
[EventDate "2011.??.??"]
[WhiteTeam "Sfr.Mainz 1928"]
[BlackTeam "Sfr. Frankfurt 1921"]

1. c4 c5 2. Nf3 Nf6 3. Nc3 g6 4. g3 Bg7 5. Bg2 O-O 6. O-O d6 7. d3 Nc6 8. Bd2
Bf5 9. Re1 e6 10. h3 e5 11. Qc1 Re8 12. Bg5 Qd7 13. Kh2 Rab8 14. Bh6 e4 15.
dxe4 Nxe4 16. Nxe4 Bxe4 17. Bxg7 Kxg7 18. Qc3+ f6 19. Rad1 Ne5 20. Nxe5 Rxe5
21. f3 Bc6 22. Rd2 Rbe8 23. e4 Qc7 24. Red1 R5e6 25. h4 h6 26. Bh3 R6e7 27.
Rxd6 Rf8 28. a3 a5 29. R1d2 b5 30. cxb5 Bxb5 31. b3 a4 32. bxa4 Bxa4 33. R6d5
Re5 34. Rd6 Re7 35. Ra6 Bd7 36. Rdd6 Ref7 37. Bf1 g5 38. h5 Qc8 39. Bc4 Re7 40.
Rxf6 Rxf6 41. Qxf6+ 1-0

[Event "23.Schlosspark-Open"]
[Site "Wiesbaden"]
[Date "2011.08.27"]
[Round "5.72"]
[White "Happel, Jürgen"]
[Black "Wöhl, Jessica"]
[Result "1-0"]
[WhiteElo "1534"]
[BlackElo "906"]
[PlyCount "111"]
[EventDate "2011.??.??"]
[WhiteTeam "SV 1920 Hofheim"]
[BlackTeam "SC Groß-Zimmern"]

1. d4 d5 2. Nf3 Bf5 3. Bf4 Nc6 4. e3 Nb4 5. Bd3 Nxd3+ 6. cxd3 Qd7 7. Nc3 e6 8.
Nh4 g6 9. Nxf5 gxf5 10. O-O Bd6 11. Bxd6 Qxd6 12. f4 O-O-O 13. a4 Nf6 14. h3 a6
15. Qc2 Rhg8 16. Ne2 Qc6 17. Qxc6 bxc6 18. Rfc1 Rd6 19. Rc2 Nh5 20. Kh2 Kd7 21.
b4 Rb8 22. Rb2 Ke7 23. Rab1 Rdd8 24. Nc3 Rb6 25. a5 Rb7 26. Rc1 Rdb8 27. Na2
Rg8 28. Rf2 Rg3 29. Rf3 Rxf3 30. gxf3 Kd7 31. Rg1 Rb8 32. Rg5 Nf6 33. Rg7 Ke7
34. Rg2 Kd7 35. h4 Rg8 36. Rxg8 Nxg8 37. Nc3 h5 38. Na4 Kc8 39. Nc5 Kb8 40.
Nxa6+ Kb7 41. Nc5+ Ka7 42. Kg3 Ne7 43. e4 Kb8 44. Nd7+ Ka7 45. Nf6 Ka6 46. Nxh5
Kb5 47. Nf6 Kxb4 48. a6 Nc8 49. h5 Kb5 50. a7 Nxa7 51. h6 fxe4 52. fxe4 dxe4
53. Nxe4 Nc8 54. h7 Ne7 55. h8=Q Nf5+ 56. Kf2 1-0

[Event "23.Schlosspark-Open"]
[Site "Wiesbaden"]
[Date "2011.08.27"]
[Round "5.73"]
[White "Sommer, Konstantin"]
[Black "Bangert, Martin"]
[Result "1-0"]
[WhiteElo "1494"]
[BlackElo "858"]
[PlyCount "49"]
[EventDate "2011.??.??"]
[WhiteTeam "SF 1876 Göppingen"]
[BlackTeam "SC Eschbach/Usi- Land"]

1. d4 Nf6 2. Nf3 b6 3. e3 Bb7 4. c4 e6 5. Nc3 c6 6. Bd3 Bb4 7. O-O O-O 8. Ne4
Nxe4 9. Bxe4 d5 10. Bd3 Nd7 11. a3 Be7 12. Qc2 f5 13. Bd2 a5 14. Rac1 Ba6 15.
cxd5 Bxd3 16. Qxd3 cxd5 17. Rc6 Rf6 18. Rfc1 e5 19. dxe5 Rxc6 20. Rxc6 Nb8 21.
Re6 g6 22. Rxe7 Qxe7 23. Qxd5+ Kg7 24. Qxa8 Qc5 25. Qb7+ 1-0

[Event "23.Schlosspark-Open"]
[Site "Wiesbaden"]
[Date "2011.08.27"]
[Round "5.75"]
[White "Peschk, Kathrin"]
[Black "Fey, Karl-Heinz"]
[Result "0-1"]
[WhiteElo "926"]
[BlackElo "827"]
[PlyCount "62"]
[EventDate "2011.??.??"]
[WhiteTeam "SV 1946 Groß-Gerau"]
[BlackTeam "SC 1926 Haßloch"]

1. e4 c5 2. Bc4 e5 3. Nc3 g6 4. d3 Nf6 5. Bg5 Bg7 6. Nf3 d6 7. O-O O-O 8. Nd5
Nbd7 9. c3 a6 10. a4 a5 11. Bb5 h6 12. Nxf6+ Bxf6 13. Bxh6 Re8 14. Qb3 g5 15.
Bc4 Re7 16. Nxg5 Bxg5 17. Bxg5 b6 18. Bxe7 Qxe7 19. Qd1 Nf6 20. Qd2 Nh5 21. Qe3
Kg7 22. Bb3 Qf6 23. Bd1 Nf4 24. Qg3+ Kf8 25. Bg4 Ba6 26. Rad1 Ke7 27. Qe3 Qg6
28. Bf3 Rh8 29. g3 Nh3+ 30. Kh1 Qh7 31. Bg2 Nxf2+ 0-1